<?xml version="1.0" encoding="UTF-8"?>
<record
    xmlns:xsi="http://www.w3.org/2001/XMLSchema-instance"
    xsi:schemaLocation="http://www.loc.gov/MARC21/slim http://www.loc.gov/standards/marcxml/schema/MARC21slim.xsd"
    xmlns="http://www.loc.gov/MARC21/slim">

  <leader>01819nam a2200241 u 4500</leader>
  <controlfield tag="001">000025248</controlfield>
  <controlfield tag="005">20200930023646.0</controlfield>
  <controlfield tag="008">110209s1998    ck      r     000 | spa d</controlfield>
  <datafield tag="020" ind1=" " ind2=" ">
    <subfield code="a">9589479022</subfield>
  </datafield>
  <datafield tag="040" ind1=" " ind2=" ">
    <subfield code="a">DO-SdBNP</subfield>
    <subfield code="b">spa</subfield>
    <subfield code="c">BNPHU</subfield>
  </datafield>
  <datafield tag="082" ind1=" " ind2=" ">
    <subfield code="a">xxx</subfield>
    <subfield code="b">A141c</subfield>
  </datafield>
  <datafield tag="100" ind1="1" ind2=" ">
    <subfield code="a">Abello Trujillo, Jos&#xE9; Ignacio</subfield>
    <subfield code="9">51741</subfield>
  </datafield>
  <datafield tag="245" ind1="1" ind2="0">
    <subfield code="a">Cultura :</subfield>
    <subfield code="b">teorias y gesti&#xF3;n /</subfield>
    <subfield code="c">Jos&#xE9; Ignacio Abello Trujillo; Silvio S&#xE1;nchez Fajardo; Sergio de Zubir&#xED;a Samper; pr&#xF3;logo Guillermo P&#xE1;ramo Rocha.</subfield>
  </datafield>
  <datafield tag="260" ind1=" " ind2=" ">
    <subfield code="a">San Juan de Pasto :</subfield>
    <subfield code="b">Universidad de Unari&#xF1;o,</subfield>
    <subfield code="c">1998.</subfield>
  </datafield>
  <datafield tag="300" ind1=" " ind2=" ">
    <subfield code="a">293 p. ;</subfield>
    <subfield code="c">21 cm.</subfield>
  </datafield>
  <datafield tag="500" ind1=" " ind2=" ">
    <subfield code="a">Incluye notas y referencia bibliogr&#xE1;fica al pie de p&#xE1;ginas</subfield>
  </datafield>
  <datafield tag="505" ind1=" " ind2=" ">
    <subfield code="t">Prologo /</subfield>
    <subfield code="r">Guillermo P&#xE1;ramo Rocha</subfield>
    <subfield code="g">I.</subfield>
    <subfield code="t">Conceptos y teor&#xED;as</subfield>
    <subfield code="t">Visi&#xF3;n hist&#xF3;rica /</subfield>
    <subfield code="r">Ignacio Abello T.</subfield>
    <subfield code="t">Visi&#xF3;n contempor&#xE1;nea /</subfield>
    <subfield code="r">Sergio de Zubir&#xED;a Samper</subfield>
    <subfield code="t">Visi&#xF3;n nacional /</subfield>
    <subfield code="r">Silvio S&#xE1;nchez Fajardo</subfield>
    <subfield code="g">II.</subfield>
    <subfield code="t">Identidad y diferencia</subfield>
    <subfield code="t">Reiterada pregunta /</subfield>
    <subfield code="r">Sergio de Zubir&#xED;a Samper</subfield>
    <subfield code="t">Identidad y diferencia /</subfield>
    <subfield code="r">Ignacio Abello T.</subfield>
    <subfield code="t">Momentos de la identidad cultural /</subfield>
    <subfield code="r">Sergio de Zubir&#xED;a Samper</subfield>
    <subfield code="t">Identidades modernas y posmodernas en Latinoam&#xE9;rica /</subfield>
    <subfield code="r">Sergio de Zubir&#xED;a Samper</subfield>
    <subfield code="g">III.</subfield>
    <subfield code="t">Multiculturalidad</subfield>
    <subfield code="t">Conceptual /</subfield>
    <subfield code="r">Ignacio Abello T.</subfield>
    <subfield code="t">Multiculturalidad e interculturalidad /</subfield>
    <subfield code="r">Sergio de Zubir&#xED;a Samper</subfield>
    <subfield code="t">Temas centrales de la discusi&#xF3;n en Colombia /</subfield>
    <subfield code="r">Silvio S&#xE1;nchez Fajardo</subfield>
    <subfield code="t">Culturas populares /</subfield>
    <subfield code="r">Ignacio Abello T.</subfield>
    <subfield code="t">Para repensar lo popular /</subfield>
    <subfield code="r">Silvio S&#xE1;nchez Fajardo</subfield>
    <subfield code="g">IV.</subfield>
    <subfield code="t">Gesti&#xF3;n cultural</subfield>
    <subfield code="t">Aproximaciones a la gesti&#xF3;n cultural /</subfield>
    <subfield code="r">Sergio de Zubir&#xED;a Samper</subfield>
    <subfield code="t">La formaci&#xF3;n de gestores culturales /</subfield>
    <subfield code="r">Silvio S&#xE1;nchez Fajardo</subfield>
    <subfield code="t">Bibliograf&#xED;a</subfield>
  </datafield>
  <datafield tag="500" ind1=" " ind2=" ">
    <subfield code="a">Bibliograf&#xED;a : p. 290-293</subfield>
  </datafield>
  <datafield tag="700" ind1="1" ind2=" ">
    <subfield code="a">S&#xE1;nchez Fajardo, Silvio</subfield>
    <subfield code="9">51742</subfield>
  </datafield>
  <datafield tag="700" ind1="1" ind2=" ">
    <subfield code="a">Zubir&#xED;a Samper, Sergio de</subfield>
    <subfield code="9">51743</subfield>
  </datafield>
  <datafield tag="700" ind1="1" ind2=" ">
    <subfield code="a">P&#xE1;ramo Rocha , Guillermo</subfield>
    <subfield code="e">pr&#xF3;l.</subfield>
    <subfield code="9">51744</subfield>
  </datafield>
  <datafield tag="049" ind1=" " ind2=" ">
    <subfield code="a">BNGR</subfield>
  </datafield>
  <datafield tag="952" ind1=" " ind2=" ">
    <subfield code="0">0</subfield>
    <subfield code="1">0</subfield>
    <subfield code="5">0</subfield>
    <subfield code="7">1</subfield>
    <subfield code="8">MO</subfield>
    <subfield code="a">GR</subfield>
    <subfield code="b">GR</subfield>
    <subfield code="c">CT</subfield>
    <subfield code="d">2011-02-11</subfield>
    <subfield code="i">LF1</subfield>
    <subfield code="l">0</subfield>
    <subfield code="o">xxx A141c</subfield>
    <subfield code="p">25248-10</subfield>
    <subfield code="r">2020-06-25</subfield>
    <subfield code="w">2020-06-25</subfield>
    <subfield code="y">1</subfield>
    <subfield code="Z">No se presta</subfield>
  </datafield>
  <datafield tag="999" ind1=" " ind2=" ">
    <subfield code="c">24741</subfield>
    <subfield code="d">24741</subfield>
  </datafield>
</record>
